Responses for show #6864 - Thursday, June 19, 2014

Contestants

Angie Rasmussen, a virologist from Seattle, Washington

Brian Keele, an architectural project manager from Atlanta, Georgia

Troy Senik, a newspaper columnist from Westlake Village, California (whose 1-day cash winnings total $28,700)

Jeopardy! Round responses

THE BOOK OF MORMONS
QUIRKY NEWS
SPACED OUT
A SOFT TOUCH
PLACES IN COLORADO
ANGELS & DEMONS
    $200 16
(Brian: Who is Anne Rice?)

Stephenie Meyer

BrianAngie
    $200 1
Kiss

Angie
    $200 17
stars

Troy
    $200 22
(Angie: What is gently?)
(Brian: What is softly?)
...
(Alex: [*], yes. "Do not go [*] into that good night.")

gentle

TroyBrianAngie
    $200 6
Denver

Troy
    $200 11
the deep blue sea

Troy
    $400 18
Mitt Romney

Troy
    $400 2
Pong

Angie
    $400 27
(Troy: What is the Apollo program?)
(Brian: What is NASA?)
...
(Alex: It was a NASA program called [*]. Back to you though, Brian. You're back in the hole. Boo.)

Gemini

TroyBrian
Triple Stumper
    $400 23
(Angie: What are stockings?)
(Troy: What is silk?)
...
(Alex: Remember the category is "A Soft Touch"? And the word we're going for here is [*]. [*] fabrics.)

delicate

TroyAngie
Triple Stumper
    $400 7
Boulder

Brian
    $400 12
Beck

Angie
    $600 19
(Brian: What is Highly Successful People?)
(Angie: What are Successful People?)
...
(Alex: What are [*], not successful.)

Highly Effective People

BrianAngie
Triple Stumper
    $600 3
wild turkeys

Angie
    $600 28
...
[End-of-round signal sounds.]

red shift

Angie
    $600 24
...
(Alex: The soft touch this time -- [*]. [*], you see?)

mild

Triple Stumper
    $600 8
Coors

Brian
    $600 13
"Sympathy For The Devil"

Troy
    $800 20
(Brian: Who is Doug Flutie?)

Steve Young

TroyBrian
    $800 4
666

Troy
    $800 25
...
(Alex: That's it, with less than a minute to go.)

lenient

Brian
    $1,000 9
(Brian: What is Pulitzer?)

Greeley

Brian
    $800 14
"Calling All Angels"

Troy
    $1000 21
Harry Reid

Troy
    $1000 5
Cockney rhyming slang

Troy
    $1000 26
...
(Alex: Good. You're out of the hole.)

tender

Brian
    $1000 10
Grand Junction

Troy
    $1000 15
"Angel Of Harlem"

Triple Stumper

Scores at the first commercial break (after clue 15):

Troy Brian Angie
$4,600 $0 $1,600

Scores at the end of the Jeopardy! Round:

Troy Brian Angie
$6,400 -$400 $1,200

Double Jeopardy! Round responses

AN IMMODEST PROPOSAL
(Alex: You folks have to identify the man proposing.)
LITERARY GEMS
MOVIEMAKERS
'80s FASHION
PUT ON YOUR NEON
& SPAN "D_X"
(Alex: Each correct response will begin with a "D" and end with an "X".)
    $400 13
Arthur Miller

Troy
    $400 30
Emerald

Troy
    $400 8
Snow White and the Seven Dwarfs

Troy
    $400 1
(Alex: See? You're out of the hole already.)

Miami Vice

Brian
    $400 6
Paris

Troy
    $400 18
duplex

Brian
    $800 14
(Troy: Who is Marcos...[*]?)
(Alex: Thank you.)

Ferdinand Marcos

Troy
    $800 24
(Angie: What is The Red Pony?)

Pearl

BrianAngie
    $800 9
Tony Scott

Brian
    $800 2
bustle

Brian
    $800 7
Arizona

Troy
    $800 19
detox

Angie
    $1200 15
[Note: Angie's response, "Who is Marc Anthony?" was accepted.]

Marc Antony

Angie
    $1200 23
Sapphire

Troy
    $2,000 10
(Brian: Danny Elfman.)
...
(Alex: No. [*]. Who is [*]? O, [*].)

Danny Boyle

Brian
    $1200 3
Swatch

Brian
    $1200 29
the English Channel

Brian
    $1200 26
deep six

Angie
    $1600 16
(Who is Hemingway?)

(Louis) Leakey

TroyAngie
    $1600 22
Topaz

Triple Stumper
    $1600 11
(Darryl) Zanuck

Brian
    $1600 4
muff

Brian
    $1600 28
30 Rockefeller Plaza

Troy
    $1600 27
dot-matrix

Angie
    $2000 17
(Alex: Who is [*]? "Speak for yourself.")

John Alden

Triple Stumper
    $2000 21
Ruby

Angie
    $2000 12
Spike Jonze

Angie
    $2000 5
velour

Angie
    $2000 25
(Alex: You got it, with less than a minute to go.)

Seattle

Troy
    $5,600 20
(Angie: No guts, no glory. Let's make it a True Daily Double.)
...
(Angie: A [*]... What is a [*]?)
(Alex: Thank you.)
(Angie: Yes!)
(Alex: You were pushing it there, Angie.)
(Angie: I was. I always do.)

double helix

Angie

Scores at the end of the Double Jeopardy! Round:

Troy Brian Angie
$16,000 $6,400 $15,200

[wagering suggestions for these scores]

Final Jeopardy! Round responses

BUSINESS & INDUSTRY
BrianWhat is General Motors
$6,300
AngieWhat is AIG?
$15,000
TroyWhat is Sears
$15,500
General Motors

Final scores:

Troy Brian Angie
$500 $12,700 $200
2nd place: $2,000 New champion: $12,700 3rd place: $1,000

Game dynamics:

Coryat scores:

Troy Brian Angie
$16,000 $9,400 $11,600
22 R,
2 W
13 R,
7 W
(including 2 DDs)
14 R
(including 1 DD),
5 W

Combined Coryat: $37,000

The J! Archive is created by fans, for fans. The Jeopardy! game show and all elements thereof, including but not limited to copyright and trademark thereto, are the property of Jeopardy Productions, Inc. and are protected under law. This website is not affiliated with, sponsored by, or operated by Jeopardy Productions, Inc. Join the discussion at JBoard.tv.